Every city in the Copenhagen Metro Area with map - Statistics

General Stats
  • This quiz has been taken 479 times
    230 since last reset
  • The average score is 34 of 197
Answers on the Map
Answers color-coded by a green-red scale on the quiz's map according to % correct below.
 
Answer Stats
Population City % Correct
632,340 Copenhagen
95%
105,037 Frederiksberg
75%
37,754 Køge
69%
51,262 Roskilde
69%
47,461 Helsingør
68%
52,358 Lyngby
63%
33,398 Hillerød
60%
40,052 Rødovre
59%
12,309 Dragør
58%
35,090 Brøndby
57%
75,805 Gentofte
57%
53,527 Hvidovre
57%
34,364 Taastrup
57%
39,528 Ballerup
54%
16,337 Frederikssund
53%
20,826 Ishøj
53%
1,170 Ishøj Village
53%
20,345 Farum
51%
44,174 Greve
51%
724 Greve Village
51%
43,010 Tårnby
51%
20,823 Birkerød
45%
512 Solrød
45%
16,860 Solrød Beach
45%
27,731 Albertslund
42%
69,681 Gladsaxe
42%
6,658 Gilleleje
41%
28,756 Herlev
41%
19,953 Holte
41%
7,320 Vallensbæk Beach
39%
430 Vallensbæk Village
39%
23,043 Glostrup
38%
8,359 Vallensbæk
38%
16,732 Lillerød
35%
22,003 Ølstykke-Stenløse
34%
8,616 Hundested
33%
8,769 Fredensborg
32%
12,265 Hedehusene
31%
47,499 Hørsholm
31%
9,746 Humlebæk
31%
953 Church Værløse
30%
12,694 Frederiksværk
30%
12,926 Værløse
30%
5,334 Hornbæk-Dronningmølle
29%
8,011 Nivå
29%
1,533 Tisvilde
28%
10,197 Jyllinge
25%
11,458 Espergærde
23%
8,225 Helsinge
23%
4,057 Jægerspris
22%
2,587 Lejre
22%
218 Søborg
21%
2,499 Liseleje
20%
6,808 Slangerup
20%
1,739 Søvang
20%
12,443 Trørød
20%
1,253 Skodsborg
18%
4,647 Borup
17%
4,370 Havdrup
17%
4,086 Lynge
17%
1,810 Rødvig
17%
20,025 Smørumnedre
17%
3,430 Store Heddinge
17%
5,280 Tune
17%
1,799 Veksø
16%
2,884 Ganløse
15%
766 Rågeleje
15%
3,126 Skibby
15%
4,667 Viby
15%
3,674 Græsted
14%
4,218 Kirke Hvalsø
14%
915 Kulhuse
14%
797 Melby
14%
1,910 Ølsted
14%
206 Ølsted Strandhuse
14%
297 Ølsted Sydstrand
14%
1,488 Sengeløse
14%
4,274 Svogerslev
14%
2,018 Gadstrup
13%
2,642 Skævinge
13%
1,973 | 3,158 Ejby
12%
532 Esrum
12%
1,231 Gørløse
12%
2,753 Hårlev
12%
5,455 Hellebæk
12%
513 Jersie
12%
2,261 Kirke Hyllinge
12%
773 Ledøje
12%
2,059 Nødebo
12%
2,137 Osted
12%
714 Strøby
12%
2,572 Vindinge
12%
1,550 Ågerup
11%
2,913 Blovstrød
11%
1,118 Esbønderup
11%
283 Esbønderup Beach
11%
220 Græse
11%
2,230 Græse Bakkeby
11%
4,532 Strøby Egede
11%
1,131 Veddelev
11%
3,017 Bjæverskov
10%
3,806 Hareskovby
10%
1,089 Vejby
10%
383 Vejby Beach
10%
298 Annisse
9%
1,537 Annisse North
9%
2,734 Gundsømagle
9%
403 Herringløse
9%
1,284 Smidstrup
9%
402 Store Valby
9%
953 Gerlev
8%
255 Gundsølille
8%
1,150 Kvistgård
8%
1,589 Ramløse
8%
208 Smørumovre
8%
1,075 Udsholt Beach
8%
299 Dalby
7%
289 Dalby Huse
7%
1,130 Gadevang
7%
1,653 Gevninge
7%
398 Gurre
7%
346 Holløse
7%
360 Holløselund
7%
299 Jørlunde
7%
1,620 Lille Skensved
7%
316 Magleby
7%
414 Nørre Herlev
7%
903 Slagslunde
7%
571 Store Rørbæk
7%
712 Tikøb
7%
703 Vor Frue
7%
519 Alsønderup
6%
1,174 Blistrup
6%
269 Kyndby
6%
316 KyndbyHuse
6%
615 Meløse
6%
1,287 Ny Hammersholt
6%
277 Sønderby
6%
352 Torup
6%
1,193 Tulstrup
6%
230 Venslev
6%
323 Høsterkøb
5%
211 Karlebo
5%
572 Lyndby
5%
350 Nymølle
5%
989 Uvelse
5%
444 Vellerup
5%
366 Evetofte
4%
406 Kagerup
4%
1,683 Kirke Såby
4%
599 Laanshøj
4%
680 Lellinge
4%
209 Ny Harløse
4%
310 Ørby
4%
583 Ravnsnæs
4%
336 Sæby
4%
851 Skuldelev
4%
546 Sørup
4%
827 StoreLyngby
4%
597 Tangbjerg
4%
313 Torslunde
4%
1,049 Vinderød
4%
266 Vridsløsemagle
4%
228 Herslev
3%
380 Kildebrønde
3%
489 Klippinge
3%
248 Landerslev
3%
229 Lyngerup
3%
661 Reerslev
3%
1,250 Saunte
3%
603 Snoldelev
3%
741 Valløby
3%
1,653 Vemmedrup
3%
496 Buresø
2%
706 Gershøj
2%
543 Nørre Dalby
2%
460 Øm
2%
205 Sigerslev
2%
480 Slimminge
2%
312 Søsum
2%
880 Algestrup
1%
287 Englerup
1%
239 Ferslev
1%
555 Hellested
1%
238 Holtug
1%
952 Kirke Sonnerup
1%
472 Kyndeløse Sydmark
1%
334 Lyderslev
1%
223 Mårup
1%
457 Over Dråby Beach
1%
244 Torkilstrup
1%
276 Vedskølle
1%
473 Vester Såby
1%
254 Boestefte
0%
292 Langesø
0%
217 Lindenborg
0%
No matching quizzes found
Score Distribution
Percent of People with Each Score
Percentile by Number Answered
Your Score History
You have not taken this quiz since the last reset